Statystyki dla Najwyższy budynek w Europie według państwa

Kliknij tutaj aby rozwiązać quiz!

Ogólne statystyki

  • Ten quiz został rozwiązany 23 razy
  • Średni wynik to 2 z 45

Odpowiedzi na mapie

Odpowiedzi skodowane kolorowo w zielono-czerwonej skali na mapie do tego quizu, zgodnie z poniższymi procentami.
 

Statystyki odpowiedzi

PaństwoWysokość mNazwa% Poprawnych
Polska310Varso
95%
Watykan136,5Bazylika Świętego Piotra
40%
Zjednoczone Królestwo309,6The Shard
30%
Rosja462Łachta Centr
15%
Austria220DC Towers
10%
Szwecja190Turning Torso
10%
Bośnia i Hercegowina172Avaz Twist Tower
5%
Estonia123.7Kościół Świętego Olafa
5%
Szwajcaria178Roche Tower
5%
Belgia171Tour du Midi
5%
Francja231Tour First
5%
Monako170Tour Odéon
5%
San Marino39World Trade Center
5%
Łotwa123Z-Towers
5%
Dania124Amager Bakke
0%
Albania112Arena Center
0%
Grecja103Athens Tower 1
0%
Czechy111AZ Tower
0%
Węgry100Bazylika Ostrzyhomska
0%
Czarnogóra65Bulevar Mitra Bakica
0%
Andora80Caldea
0%
Irlandia79Capital Dock
0%
Bułgaria126Capital Fort
0%
Macedonia Północna142Cevahir Towers
0%
Niemcy300Commerzbank Tower
0%
Luksemburg115Court of Justice III
0%
Słowenia89Crystal Palace
0%
Chorwacja115Dalmatia Tower
0%
Litwa153Europa Tower
0%
Rumunia137Floreasca City Center Sky Tower
0%
Serbia137Genex Tower
0%
Ukraina160Gulliver
0%
Niderlandy165Maastoren
0%
Finlandia134Majakka
0%
Słowacja125Nivy Tower
0%
Malta97,5Portomaso Business Tower
0%
Norwegia117Radisson Blu Plaza Hotel
0%
Kosowo89Rilindja Tower
0%
Mołdawia91Romashka Tower
0%
Liechtenstein39Schwefelstrasse 25
0%
Islandia76Smáratorg Office Tower
0%
Hiszpania250Torre Caja Madrid
0%
Włochy231Torre UniCredit
0%
Portugalia145Torre Vasco da Gama
0%
Białoruś133Zespół Mieszkaniowy Parus
0%

Rozkład punktacji

Percentyl według liczby udzielonych odpowiedzi

Procent ludzi z każdym wynikiem

Twoja historia wyników

Nie rozwiązałeś tego quizu